Normal view
MARC view
- Protección del patrimonio cultural
Entry Materia
001 - NÚMERO DE CONTROL DEL REGISTRO
- campo de control: 13031
003 - IDENTIFICADOR DE NUMERO DE CONTROL
- campo de control: MX-MxUPN
005 - FECHA Y HORA DE LA ÚLTIMA TRANSACCIÓN
- campo de control: 20250707113655.0
008 - DATOS DE LONGITUD FIJA
- campo de control de longitud fija: 250707n| fcnnnbabn | ana |d
035 ## - NÚMERO DE CONTROL DEL SISTEMA
- Número de control del sistema: UPN10000013039
040 ## - FUENTE DE LA CATALOGACIÓN
- Centro catalogador de origen: MX-MxUPN
- Lengua de catalogación: spa
- Agencia de transcripción: MX-MxUPN
150 ## - ENCABEZAMIENTO - TEMÁTICO
- Término de materia o nombre geográfico como elemento inicial: Protección del patrimonio cultural
- Subdivisión geográfica: México
670 ## - FUENTE EN LA QUE SE LOCALIZARON DATOS
- Cita de la fuente: LC/P
- Información localizada: Cultural property - Protection - Mexico
902 ## - CATALOGADOR
- Catalogador: MMA/211011
